Nebenhodenspezifische Genexpression beim Hund /

Bibliographic Details
Main Author: Ellerbrock, Kerstin
Format: Thesis Book
Language:German
Published: [Place of publication not identified] : [publisher not identified], 1994.

MARC

Tag First Indicator Second Indicator Subfields
LEADER 00000cam a2200000Ka 4500
001 in00004531313
005 20191205081853.0
008 950228s1994 xx a bm 000 0 ger d
015 |a 95,H01,2295  |2 dnb 
016 7 |a 942937058  |2 DE-101 
029 1 |a NLGGC  |b 126400369 
029 1 |a HEBIS  |b 032990820 
029 1 |a DEBBG  |b BV035246416 
035 |a (OCoLC)ocm32060843 
035 |a (OCoLC)32060843 
035 |z (UtOrBLW)64520 
035 |a 91950 
040 |a IWA  |b eng  |c IWA  |d OCLCQ  |d HEBIS  |d DEBBG  |d OCLCQ  |d UtOrBLW 
049 |a TMVM 
100 1 |a Ellerbrock, Kerstin. 
245 1 0 |a Nebenhodenspezifische Genexpression beim Hund /  |c von Kerstin Ellerbrock. 
264 1 |a [Place of publication not identified] :  |b [publisher not identified],  |c 1994. 
300 |a 125 pages :  |b illustrations ;  |c 21 cm. 
336 |a text  |2 rdacontent  |b txt 
337 |a unmediated  |2 rdamedia 
338 |a volume  |2 rdacarrier  |b nc 
502 |b Dr. med. vet.  |c Tierärztliche Hochschule Hannover  |d 1994. 
500 |a Summary in English. 
504 |a Includes bibliographical references. 
999 |a MARS 
999 f f |s 8050fde2-0ec2-3c00-8b27-d9116e903f29  |i f05d2e93-1b28-35e9-96d2-cefbb278556a  |t 0 
952 f f |p preservation  |a Texas A&M University  |b J.J. Pickle Campus  |c High Density Repository  |d Remote Storage  |t 0  |e German dissertations  |h Other scheme  |i unmediated -- volume  |m 3238902439448 
998 f f |a German dissertations  |t 0  |l Remote Storage